<?xml version="1.0" encoding="UTF-8"?>
<collection xmlns="http://www.loc.gov/MARC21/slim">
 <record>
  <leader>01006nam a2200193 a 4500</leader>
  <controlfield tag="001">1/46160</controlfield>
  <controlfield tag="008">160316s1931    gr            00010 gre  </controlfield>
  <datafield tag="035" ind1=" " ind2=" ">
   <subfield code="l">49134</subfield>
  </datafield>
  <datafield tag="040" ind1=" " ind2=" ">
   <subfield code="a">GR-PeUP</subfield>
  </datafield>
  <datafield tag="082" ind1="0" ind2="0">
   <subfield code="a">664.362 ΠΑΠ</subfield>
  </datafield>
  <datafield tag="100" ind1="1" ind2=" ">
   <subfield code="a">Παπαϊωάννου, Στράτος Κ.</subfield>
  </datafield>
  <datafield tag="245" ind1="1" ind2="3">
   <subfield code="a">Οι συντελεσταί της ελαιοκομικής μας αναγεννήσεως /</subfield>
   <subfield code="c">Στρ. Κ. Παπαϊωάννου.</subfield>
  </datafield>
  <datafield tag="260" ind1="0" ind2=" ">
   <subfield code="a">Εν Αθήναις :</subfield>
   <subfield code="b">Τύποις Εθνικό Τυπογραφείο,</subfield>
   <subfield code="c">1931.</subfield>
  </datafield>
  <datafield tag="300" ind1=" " ind2=" ">
   <subfield code="a">28 σ. ;</subfield>
   <subfield code="c">24 εκ.</subfield>
  </datafield>
  <datafield tag="500" ind1=" " ind2=" ">
   <subfield code="a">Από τη σελίδα τίτλου: Εκ του γεωργικού δελτίου του Υπουργείου Γεωργίας - 1931.</subfield>
  </datafield>
  <datafield tag="650" ind1=" " ind2="4">
   <subfield code="a">Ελαία</subfield>
   <subfield code="x">Βιομηχανία και εμπόριο.</subfield>
  </datafield>
  <datafield tag="650" ind1=" " ind2="4">
   <subfield code="a">Ελαία</subfield>
   <subfield code="x">Οργάνωση και διοίκηση.</subfield>
  </datafield>
  <datafield tag="650" ind1=" " ind2="4">
   <subfield code="a">Olive industry and trade</subfield>
   <subfield code="z">Greece.</subfield>
  </datafield>
  <datafield tag="852" ind1=" " ind2=" ">
   <subfield code="a">INST</subfield>
   <subfield code="b">UNIPILB</subfield>
   <subfield code="c">MAIN</subfield>
   <subfield code="e">20160316</subfield>
   <subfield code="h">664.362 ΠΑΠ</subfield>
   <subfield code="p">00173923</subfield>
   <subfield code="q">00173923</subfield>
   <subfield code="t">CLOCOL</subfield>
   <subfield code="y">23</subfield>
   <subfield code="4">1</subfield>
  </datafield>
 </record>
</collection>
